00608nam a22001577a 4500003001100000005001700011008004100028040003900069041000800108082001600116245018200132260005800314300001700372650003200389650002900421LK-CoMWRAF20231218162641.0231218b2012 |||||||| |||| 00| 0 eng d aLK-CoMWRAFdLK-CoMWRAFeLK-CoMWRAF aeng a305.42bWOM aWomen's rights in Pakistan : status and challenges : bstakeholders joint submission to UN Human Rights Council, Pakistan's Universal Periodic Review, 14th Session, October 2012 aLahore:bShirkat Gah, Women's Resource Centre, c2013 a28 p.; 25 cm aWomen- Legal status, laws,  aWomen's rights- Pakistan